000 00547nam a2200181Ia 4500
003 GCL
008 140319s9999 xx 000 0 ara d
040 _aGCL /
_cGCL
082 0 4 _a810.8
_bح ف
100 1 _aمجموعة من العلماء والادباء
245 1 0 _aفصول ادبية وتاريخية /
_cمجموعة من العلماء والادباء
260 _a[S.N] :
_bدار الجيل ،
_c1993
300 _a512 ص
490 _a
650 0 4 _aالادب العربى
650 0 4 _aالمجموعات
942 _2ddc
_cBK
999 _c37940
_d37940